Avtomatik optimallaşdırma sisteminin modelləşdirilməsi (Record no. 415)

MARC details
000 -LEADER
fixed length control field 02464nam a2200421 4500
003 - CONTROL NUMBER IDENTIFIER
control field OSt
005 - DATE AND TIME OF LATEST TRANSACTION
control field 20260512081817.0
008 - FIXED-LENGTH DATA ELEMENTS--GENERAL INFORMATION
fixed length control field 260512b |||||||| |||| 00| 0 aze d
040 ## - CATALOGING SOURCE
Original cataloging agency AZ-XaKU
Language of cataloging aze
Transcribing agency AZ-XaKU
041 ## - LANGUAGE CODE
Language code of text/sound track or separate title aze
050 04 - LIBRARY OF CONGRESS CALL NUMBER
Classification number QA402.5 .N114 2015
100 1# - MAIN ENTRY--PERSONAL NAME
Personal name Nəbiyev, R.N,
Relator term müəllif.
245 1# - TITLE STATEMENT
Title Avtomatik optimallaşdırma sisteminin modelləşdirilməsi
Statement of responsibility, etc. / R.N.Nəbiyev, V.İ.Finayev, A.A.Aybazova, Ə.T.Həzərxanov, A.Y.Molçanov, İ.M.Skubilin; rəyçilər V.N.İvançenko, A.Z.Məlikov ;tərcüməçilər A.Ə.Abdullabəyli, F.Ə.Mahmudlu
264 ## - PRODUCTION, PUBLICATION, DISTRIBUTION, MANUFACTURE, AND COPYRIGHT NOTICE
Place of production, publication, distribution, manufacture Bakı:
Name of producer, publisher, distributor, manufacturer "Azərbaycan Hava Yolları",
Date of production, publication, distribution, manufacture, or copyright notice 2015.
300 ## - PHYSICAL DESCRIPTION
Extent 232 səhifə ;
Dimensions 21 sm.
336 ## - CONTENT TYPE
Content type term text
Content type code txt
Source rdacontent
337 ## - MEDIA TYPE
Media type term unmediated
Media type code n
Source rdamedia
338 ## - CARRIER TYPE
Carrier type term volume
Carrier type code nc
Source rdacarrier
504 ## - BIBLIOGRAPHY, ETC. NOTE
Bibliography, etc. note Ədəbiyyat siyahısı: s. 212-228
505 0# - Formatted Contents Note
Formatted contents note Giriş -- 1. Qeyri-müəyyənlik şəraitində avtomatik optimallaşdırma sisteminin sintezi metodların təhlilli -- 2. Qeyri-səlis adaptiv avtomatik optimallaşdırma sistemlərinin alqoritmləri -- 3. Avtomatik optimallaşdırma sistemərinin modelləşdirilməsi metodları -- 4. Texniki obyektlərin optimallaşdırılması məsələlərində qeyri-səlis modellərin tətbiqi
520 ## - SUMMARY, ETC.
Summary, etc. Monoqrafiyada zaman və ətraf mühitin qeyri-müəyyənlik şəraitində mürəkkəb obyektlərin avtomatik idarəetmə və optimallaşdırma sistemlərinin sintezi metodlarının analizi aparılmışdır. Adaptiv idarəetmə sistemlərinin strukturuna və texniki obyektlər üçün idarəetmə vasitələrinin qeyri-səlis statistik optimallaşdırma modellərinə baxılmışdır.
521 ## - TARGET AUDIENCE NOTE
Target audience note Nəşr elmi və texniki işçilər, texniki ali məktəb tələbələri və aspirantları üçün təyin olunmuşdur.
546 ## - LANGUAGE NOTE
Language note Monoqrafiya Azərbaycan Dövlət Neft Şirkətinin "Elm Fondu"nun qrantı ilə tərcümə edilmişdir.
650 #7 - SUBJECT ADDED ENTRY--TOPICAL TERM
Topical term or geographic name entry element Mühədislik
Source of heading or term AZ-XaKU
655 ## - INDEX TERM--GENRE/FORM
Source of term AZ-XaKU
Genre/form data or focus term Dərslik
700 1# - ADDED ENTRY--PERSONAL NAME
Personal name Finayev, V.İ,
Fuller form of name müəllif.
700 1# - ADDED ENTRY--PERSONAL NAME
Personal name Aybazova, A.A,
Fuller form of name müəllif.
700 1# - ADDED ENTRY--PERSONAL NAME
Personal name Həzərxanov, Ə.T,
Fuller form of name müəllif.
700 1# - ADDED ENTRY--PERSONAL NAME
Personal name Molçanov, A.Y,
Fuller form of name müəllif.
700 1# - ADDED ENTRY--PERSONAL NAME
Personal name Skubilin, İ.M,
Fuller form of name müəllif.
700 1# - ADDED ENTRY--PERSONAL NAME
Personal name İvançenko, V.N,
Fuller form of name rəyçi.
700 1# - ADDED ENTRY--PERSONAL NAME
Personal name Məlikov, A.Z,
Fuller form of name rəyçi.
700 1# - ADDED ENTRY--PERSONAL NAME
Personal name Abdullabəyli, A.Ə,
Fuller form of name tərcüməçi.
700 1# - ADDED ENTRY--PERSONAL NAME
Personal name Mahmudlu, F.Ə,
Fuller form of name tərcüməçi.
700 1# - ADDED ENTRY--PERSONAL NAME
Personal name Məmmədova, G.Ə,
Fuller form of name korrektor.
942 ## - ADDED ENTRY ELEMENTS (KOHA)
Koha item type Book
Holdings
Withdrawn status Lost status Source of classification or shelving scheme Damaged status Not for loan Collection Home library Current library Date acquired Total checkouts Full call number Barcode Date last seen Copy number Price effective from Koha item type
    Library of Congress Classification     General Collection Karabakh University Main Library Karabakh University Main Library 05/12/2026   QA402.5 .N114 2015 0000000333 05/12/2026 1 05/12/2026 Book